[Event "Amman tt"]
[Site "Amman"]
[Date "2008.06.27"]
[Round "7"]
[White "Taleb, Salem Hatam"]
[Black "Al Hadarani, Hatim"]
[Result "0-1"]
[WhiteElo "2149"]
[BlackElo "2308"]
[PlyCount "48"]
[EventDate "2008.06.21"]
[EventType "team"]
[EventRounds "8"]
[EventCountry "JOR"]
[SourceTitle "CBM 125 Extra"]
[Source "ChessBase"]
[SourceDate "2008.09.01"]
[SourceVersion "1"]
[SourceVersionDate "2008.09.01"]
[SourceQuality "1"]

1. c4 g6 2. g3 Bg7 3. Bg2 c5 4. Nf3 Nc6 5. 0-0 d5 6. cxd5 Qxd5 7. Nc3 Qd7 8. d3 e5 9. Be3 b6 10. Qa4 Bb7 11. Qh4 h6 12. Nd2 g5 13. Qa4 f5 14. f4 exf4 15. gxf4 Nf6 16. fxg5 Ng4 17. Nc4 Nxe3 18. Nxe3 Bd4 19. Ncd1 0-0-0 20. Kh1 hxg5 21. Nxf5 Qh7 22. h3 Rd5 23. e3 Rxf5 24. exd4 Nxd4 0-1